000 00631nam a2200253Ia 4500
003 OSt
005 20221006145023.0
006 a|||||r|||| 00| 0
007 ta
008 221006b |||||||| |||| 00| 0 eng d
020 _cP4.95
024 _a13,527
037 _cTextual
040 _aEASL
_cEASL
_beng
041 _2eng
_aeng
082 _aV498.N7, L7
100 _aSUYIN Han
245 0 _aLhasa the open city
_b Journey to Tibet
260 _aLondon
_bJonathan Cape
_c1977
300 _a180p.
_ccm.
490 _v Oth
942 _hV498.N7, L7
_cTEXL
_2CC
999 _c1081613
_d1081613